Historia de la filosofía
Gardado en:
| Autor Principal: | |
|---|---|
| Formato: | Libro |
| Idioma: | Lingua castelá |
| Publicado: |
Madrid
B.A.C
1965
|
| Edición: | 1a. ed |
| Subjects: | |
| Tags: |
Engadir etiqueta
Sen Etiquetas, Sexa o primeiro en etiquetar este rexistro!
|
MARC
| LEADER | 00000cam a2200000 a 4500 | ||
|---|---|---|---|
| 001 | UCY4570 | ||
| 003 | CL-VaPUC | ||
| 008 | 950317e19650000SP |||||||||||||||||spa|d | ||
| 082 | 0 | 4 | |a 109 |b FRA |2 21 |
| 100 | 0 | |a Fraile Martin, Guillermo |e author |9 333047 | |
| 245 | 1 | 0 | |a Historia de la filosofía |
| 250 | |a 1a. ed | ||
| 300 | |a v | ||
| 942 | |c BK | ||
| 945 | |d 19950317 00:00:00 |a aalvarez | ||
| 260 | |a Madrid |b B.A.C |c 1965 | ||
| 500 | |a v.1: Grecia y Roma | ||
| 500 | |a v.2 t.1: El cristianismo y la filosofia patristica. Primera escolastica | ||
| 500 | |a v.2 t.2: Filosofia judia y musulmana. Alta escolastica: desarrollo y decadencia | ||
| 500 | |a v.3: Del humanismo a la ilustracion siglos XV-XVII | ||
| 650 | 0 | |a Filosofía |9 223554 | |
| 650 | 0 | |a Historia |9 255047 | |
| 650 | 7 | |a ESCUELAS DE FILOSOFIA |2 CL-VaPUC |9 333048 | |
| 583 | |a last modification |c 20150416 15:37:48 |k Rodrigo Vera | ||
| 999 | |c 232390 |d 232388 | ||
| 952 | |0 0 |1 0 |4 0 |6 109_000000000000000_FRA_1965 |7 0 |8 R |9 236666 |a BIBEDU |b BIBEDU |c MCIRC |d 2019-11-15 |h v.1 |i 3067130 |o 109 FRA 1965 |p 3067130 |r 2023-01-13 |w 2019-11-15 |y BK_R |k FIL | ||
| 952 | |0 0 |1 0 |4 0 |6 109_000000000000000_FRA_1965 |7 0 |8 R |9 236667 |a BIBEDU |b BIBEDU |c MCIRC |d 2019-11-15 |h v.3 |i 3067203 |o 109 FRA 1965 |p 3067203 |r 2023-01-13 |w 2019-11-15 |y BK_R |k FIL | ||
| 952 | |0 0 |1 0 |4 0 |6 109_000000000000000_FRA_1965 |7 0 |8 R |9 236668 |a BIBEDU |b BIBEDU |c MCIRC |d 2019-11-15 |h v.2 t.1 |i 1561952 |l 2 |o 109 FRA 1965 |p 1561952 |r 2023-09-20 |s 2023-09-20 |w 2019-11-15 |y BK_R |k FIL | ||
| 952 | |0 0 |1 0 |4 0 |6 109_000000000000000_FRA_1965 |7 0 |8 A |9 236669 |a BIBTEO |b BIBTEO |d 2019-11-15 |h v.1 |i 2022249 |o 109 FRA 1965 |p 2022249 |r 2025-01-17 |w 2019-11-15 |y BK |k ICR | ||
| 952 | |0 0 |1 0 |4 0 |6 109_000000000000000_FRA_1965 |7 0 |8 A |9 236670 |a BIBTEO |b BIBTEO |d 2019-11-15 |h v.2 T.2 |i 2022168 |o 109 FRA 1965 |p 2022168 |r 2025-01-17 |w 2019-11-15 |y BK |k ICR | ||
| 952 | |0 0 |1 0 |4 0 |6 109_000000000000000_FRA_1965 |7 0 |8 A |9 236671 |a BIBTEO |b BIBTEO |d 2019-11-15 |h v.2 t.2 |i 2022206 |o 109 FRA 1965 |p 2022206 |r 2025-01-17 |w 2019-11-15 |y BK |k ICR | ||
| 952 | |0 0 |1 0 |4 0 |6 109_000000000000000_FRA_1965 |7 0 |8 A |9 236672 |a BIBTEO |b BIBTEO |d 2019-11-15 |h v.2 t.1 |i 2022133 |o 109 FRA 1965 |p 2022133 |r 2025-01-17 |w 2019-11-15 |y BK |k ICR | ||
| 952 | |0 0 |1 0 |4 0 |6 109_000000000000000_FRA_1965 |7 0 |8 A |9 236673 |a BIBTEO |b BIBTEO |d 2019-11-15 |h v.2 t.2 |i 2022192 |o 109 FRA 1965 |p 2022192 |r 2025-01-17 |w 2019-11-15 |y BK |k ICR | ||
| 952 | |0 0 |1 0 |4 0 |6 109_000000000000000_FRA_1965 |7 0 |8 A |9 236674 |a BIBTEO |b BIBTEO |d 2019-11-15 |h v.3 |i 2022230 |o 109 FRA 1965 |p 2022230 |r 2025-01-17 |w 2019-11-15 |y BK |k ICR | ||
| 952 | |0 0 |1 0 |4 0 |6 109_000000000000000_FRA_1965 |7 0 |8 A |9 236675 |a BIBTEO |b BIBTEO |d 2019-11-15 |h v.3 |i 2022214 |o 109 FRA 1965 |p 2022214 |r 2025-01-17 |w 2019-11-15 |y BK |k ICR | ||
| 952 | |0 0 |1 0 |4 0 |6 109_000000000000000_FRA_1965 |7 0 |8 A |9 236676 |a BIBTEO |b BIBTEO |d 2019-11-15 |h v.3 |i 202215K |o 109 FRA 1965 |p 202215K |r 2025-01-17 |w 2019-11-15 |y BK |k ICR | ||
| 952 | |0 0 |1 0 |4 0 |6 109_000000000000000_FRA_1965 |7 0 |8 A |9 236677 |a BIBTEO |b BIBTEO |d 2019-11-15 |h v.3 |i 2022141 |o 109 FRA 1965 |p 2022141 |r 2025-01-17 |w 2019-11-15 |y BK |k ICR | ||
| 952 | |0 0 |1 0 |4 0 |6 109_000000000000000_FRA_1965 |7 0 |8 A |9 236678 |a BIBTEO |b BIBTEO |d 2019-11-15 |h v.2 t.1 |i 2022222 |l 1 |o 109 FRA 1965 |p 2022222 |r 2025-05-09 |s 2025-05-09 |w 2019-11-15 |y BK |k ICR | ||
| 952 | |0 0 |1 0 |4 0 |6 109_000000000000000_FRA_1965 |7 0 |8 A |9 236679 |a BIBTEO |b BIBTEO |d 2019-11-15 |h v.2 t.1 |i 2022176 |o 109 FRA 1965 |p 2022176 |r 2025-01-17 |w 2019-11-15 |y BK |k ICR | ||